Équipe du Brésil de Football - Tous les joueurs (2010-....) - Statistiques

Statistiques générales
  • Ce quiz a été pris 4 395 fois
    515 depuis la dernière actualisation
  • Le résultat moyen est 55 sur 203
Statistiques - réponses
Première sélection Dernière sélection Joueur Nb de sélections % Correct
2010 Neymar 128
97%
2008 2022 Thiago Silva 113
89%
1999 2013 Ronaldinho 97
87%
2015 Alisson 76
85%
2013 Marquinhos 102
85%
2019 Vinicius Junior 44
84%
2017 Ederson 30
81%
2024 Ederson 3
81%
1994 2011 Ronaldo 98
81%
2001 2010 Gilberto Silva 93
79%
2006 2022 Dani Alves 126
76%
2010 2017 David Luiz 57
76%
2019 Rodrygo 36
76%
2006 2018 Marcelo 58
75%
2002 2016 Kaka 92
70%
2011 2017 Diego Alves 10
68%
2019 Douglas Luiz 18
68%
2011 Casemiro 81
67%
2004 2014 Julio César 87
63%
2021 Raphinha 36
62%
2011 2015 Oscar 48
61%
2005 2014 Fred 39
60%
2014 Fred 32
60%
2018 Lucas Paqueta 60
60%
2016 Gabriel Jesus 64
59%
2024 Igor Jesus 5
58%
2012 2013 Juan Jesus 4
57%
2014 2018 Douglas Costa 31
56%
2023 Endrick 14
56%
2018 Richarlison 54
56%
2011 2011 Bruno César 2
54%
2011 2019 Fernandinho 53
54%
2009 2021 Hulk 49
54%
2015 Fabinho 29
53%
2003 2017 Robinho 100
53%
2011 Alex Sandro 43
52%
2013 2013 Diego Costa 2
52%
2009 2019 Filipe Luis 44
51%
2023 Gabriel 17
51%
2012 2012 Gabriel 1
51%
2007 2014 20
51%
2010 2022 Philippe Coutinho 68
51%
2014 2021 Roberto Firmino 55
48%
2011 2019 Willian 70
48%
2000 2010 Adriano 48
47%
2003 2013 Adriano 17
47%
2018 Eder Militao 37
47%
2000 2011 Lucio 105
47%
2014 2015 Luiz Adriano 4
47%
2020 Bruno Guimaraes 40
45%
2011 Danilo 66
44%
2022 Gabriel Martinelli 20
44%
2003 2014 Maicon 76
42%
2011 2018 Paulinho 56
42%
2008 2017 Rafinha 4
39%
2015 2015 Rafinha 2
39%
2009 2014 Ramires 52
39%
2009 2012 Sandro 17
39%
2023 Ayrton Lucas 2
37%
2025 Jean Lucas 1
37%
2023 Joao Pedro 6
37%
2011 2016 Luiz Gustavo 41
37%
2013 2014 Maxwell 10
37%
2024 Estêvao 10
36%
2012 2013 Fernando 8
36%
2021 Antony 16
35%
2013 2014 Dante 13
35%
2011 Lucas Moura 37
34%
2009 2013 André Santos 24
33%
2023 Andrey Santos 4
33%
2016 Douglas Santos 3
33%
2012 2017 Fabio Santos 4
33%
2020 Pedro 3
33%
2009 2019 Miranda 58
32%
2022 Bremer 5
31%
2018 2020 Felipe 2
29%
2008 2013 Alexandre Pato 27
28%
2019 2019 Bruno Henrique 2
28%
2023 Caio Henrique 4
28%
2003 2017 Diego 34
28%
2008 2014 Henrique 6
28%
2024 Luiz Henrique 10
28%
2021 Matheus Cunha 18
28%
2025 Paulo Henrique 2
28%
2018 2018 Neto 1
26%
2019 Alex Telles 12
25%
2024 Lucas Beraldo 5
25%
2015 2019 Felipe Anderson 2
24%
2009 2010 Felipe Melo 22
24%
2025 Alexsandro 3
23%
2003 2010 Heurelho Gomes 11
23%
2024 Joao Gomes 10
23%
2001 2010 Juan 79
23%
2012 2012 Rafael 2
23%
2023 Savinho 13
23%
2018 2022 Arthur 22
22%
2023 Arthur 1
22%
2014 2017 Gil 11
22%
2007 2013 Lucas Leiva 24
22%
2012 2014 Bernard 14
21%
2011 2011 Fabio 2
20%
2016 2022 Gabriel Barbosa 18
20%
2021 Gerson 4
20%
2003 2013 Luis Fabiano 45
20%
2009 2010 Michel Bastos 10
20%
2008 2014 Hernanes 27
19%
2018 Andreas Pereira 10
18%
2023 Carlos Augusto 4
18%
2023 Joelinton 8
18%
2011 2018 Renato Augusto 32
18%
2018 Everton 25
17%
2003 2010 Gilberto 36
17%
2023 Vanderson 7
17%
2023 Vitor Roque 1
17%
2023 André 13
16%
2010 2010 André 4
16%
2023 Malcom 2
16%
2003 2011 Nilmar 24
16%
2024 Bento 5
14%
2024 Fabricio Bruno 5
14%
2001 2011 Luisao 44
14%
2025 Wesley 4
14%
2018 2020 Allan 10
13%
2010 2012 Ganso 8
13%
2025 Hugo Souza 1
13%
2023 Pepê 2
13%
2019 Renan Lodi 19
13%
2017 Weverton 10
13%
2023 Yuri Alberto 1
13%
2017 2017 Cassio 1
12%
2019 David Neres 7
12%
2009 2017 Diego Souza 7
12%
2011 2016 Jonas 12
12%
2014 2015 Josef de Souza 3
12%
2001 2010 Julio Baptista 47
12%
2019 Emerson Royal 10
11%
2011 2015 Jefferson 22
11%
2016 2018 Taison 8
11%
2004 2011 Elano 50
10%
2012 2013 Jean 6
10%
2017 2017 Jemerson 2
10%
2010 2014 Victor 6
10%
2010 2016 Elias 35
8%
2017 2017 Jorge 1
8%
2025 Kaio Jorge 1
8%
2025 Murillo 1
8%
2008 2012 Thiago Neves 7
8%
2023 Yan Couto 4
8%
2024 Evanilson 2
7%
2014 2022 Everton Ribeiro 22
7%
2015 2017 Lucas Lima 14
7%
2016 Rodrigo Caio 5
7%
2024 Abner 4
6%
2017 2019 Fagner 10
6%
2002 2010 Kléberson 32
6%
2025 Samuel Lino 1
6%
2024 Wendell 6
6%
2011 2018 Dedé 11
5%
2007 2010 Doni 10
5%
2022 Roger Ibanez 3
5%
2025 Vitinho 2
5%
2009 2010 Carlos Eduardo 6
4%
2017 2017 Luan 2
4%
2023 Nino 1
4%
2024 Pablo Maia 1
4%
2012 2012 Rafael Cabral 3
4%
2004 2016 Ricardo Oliveira 16
4%
2009 2017 Diego Tardelli 14
3%
2024 Galeno 1
3%
2010 2018 Giuliano 14
3%
2005 2010 Grafite 4
3%
2011 2012 Jadson 8
3%
2007 2010 Josué 28
3%
2011 2013 Leandro Damiao 17
3%
2016 2018 Pedro Geromel 2
3%
2011 2017 Dudu 3
2%
2021 2021 Edenilson 2
2%
2021 Guilherme Arana 13
2%
2025 Léo Ortiz 2
2%
2012 2012 Lucas Marques 2
2%
2021 2021 Lucas Verissimo 2
2%
2013 2013 Marcos Rocha 2
2%
2023 Raphael Veiga 6
2%
2023 Robert Renan 1
2%
2011 2012 Rômulo 9
2%
2011 2011 Borges 1
1%
2012 2012 Bruno Uvini 3
1%
2012 2012 Carlinhos 1
1%
2010 2010 Jucilei 2
1%
2013 2013 Leandro 1
1%
2012 2013 Leandro Castan 2
1%
2015 2016 Marcelo Grohe 2
1%
2011 2013 Ralf 8
1%
2010 2013 Réver 9
1%
2014 2014 Ricardo Goulart 1
1%
2023 Rony 3
1%
2016 2018 Walace 5
1%
2012 2012 Wellington Nem 3
1%
2012 2013 Arouca 4
0%
2011 2011 Bruno Cortez 1
0%
2012 2013 Diego Cavalieri 3
0%
2011 2011 Renato Abreu 1
0%
2017 2017 Rodriguinho 2
0%
Aucun quiz correspondant
Distribution des résultats
% des personnes avec chaque résultat
Percentile par nombre de réponses
Votre historique - résultats
Vous n’avez pas pris ce quiz depuis la dernière actualisation